[Event "FRA-ch Blitz Online Qual"]
[Site "Europe Echecs INT"]
[Date "2020.05.16"]
[Round "15"]
[White "Djidjeli, Sarah"]
[Black "Vanlerberghe, Luc"]
[Result "1-0"]
[WhiteElo "2074"]
[BlackElo "1727"]
[PlyCount "45"]
[EventDate "2020.05.16"]
[EventType "swiss (blitz)"]
[EventRounds "15"]
[EventCountry "FRA"]
[SourceTitle "CBM 196 Extra"]
[Source "ChessBase"]
[SourceDate "2020.07.31"]
[SourceVersion "1"]
[SourceVersionDate "2020.07.31"]
[SourceQuality "1"]

1. e4 c5 2. Nf3 Nc6 3. Bb5 a6 4. Bxc6 bxc6 5. 0-0 g6 6. d4 cxd4 7. Qxd4 Nf6 8. e5 Nh5 9. Nc3 Bg7 10. g4 Nf6 11. exf6 Bxf6 12. Qd3 d5 13. g5 Bg7 14. Bf4 0-0 15. Rfe1 Re8 16. Nd4 c5 17. Nc6 Qd7 18. Qxd5 Qg4+ 19. Bg3 Bb7 20. Qg2 Rac8 21. Ne5 Qxg5 22. Qxb7 Bxe5 23. Rxe5 1-0